Who Played that Guitar? - Statistics

General Stats
  • This quiz has been taken 15 times
  • The average score is 9 of 16
Answer Stats
Picture Answer % Correct
Eddie Van Halen
93%
Jimmy Page
93%
Angus Young
86%
Paul McCartney
79%
Tom Morello
79%
Brian May
71%
Stevie Ray Vaughan
71%
Steve Vai
57%
Dimebag Darrell
43%
David Gilmour
36%
Jimi Hendrix
36%
Keith Richards
36%
Tom Petty
36%
Tim Henson
29%
Woodie Guthrie
29%
John Frusciante
7%
No matching quizzes found
Score Distribution
Percent of People with Each Score
Percentile by Number Answered
Your Score History
You have not taken this quiz